000 00690nam a22002057a 4500
999 _c874
_d874
003 AR-CdUCM
008 190225b ||||| |||| 00| 0 spa d
040 _aMUNICIPALIDAD PROVINCIAL DEL CUSCO
_cBIBLIOTECA MUNICIPAL DEL CUSCO
082 _a869.56 /
_bL753
100 _aLlona, Teresa Maria
_93354
245 _aNuestra Casona era asi /
_cLlona, Teresa Maria
260 _aLIma :
_bGrafica Jacobs,
_c1962.
300 _a65 paginas ;
_c17 cm.
505 _aEl portón principal -- La glorieta -- La azotea -- Encarna -- La despensa...
650 _aLiteratura poetica
_93355
650 _aArquitectura
_93356
650 _aHistorias
_9862
942 _2ddc
_cLIBROS
945 _apjha
_d2019-02-25